Sports Quiz

Random Sports or NBA Quiz

NBA Team USA Basketball National Pool Selection 2014 Quiz Stats

 Plays Quiz not verified by Sporcle

Score 0/28 Timer 03:00
0 Plays Today
Veteran/Newcomers Player % Correct
VeteransStephen Curry
99%
VeteransKevin Durant
98.6%
VeteransChris Paul
98.3%
VeteransRussell Westbrook
98.3%
VeteransLeBron James
98%
VeteransDerrick Rose
97.7%
VeteransCarmelo Anthony
97.6%
VeteransJames Harden
97.5%
NewcomersKyrie Irving
97.2%
VeteransDeron Williams
95.4%
VeteransDwight Howard
95.2%
VeteransKevin Love
95%
VeteransAnthony Davis
94.6%
NewcomersPaul George
93.5%
Veteran/Newcomers Player % Correct
NewcomersBlake Griffin
93.2%
NewcomersDamian Lillard
92.5%
NewcomersKlay Thompson
91.2%
VeteransTyson Chandler
90.7%
NewcomersLaMarcus Aldridge
89%
NewcomersDeMarcus Cousins
88%
NewcomersDavid Lee
86%
NewcomersBradley Beal
84.3%
NewcomersKawhi Leonard
83%
VeteransAndre Iguodala
81.3%
NewcomersAndre Drummond
81.1%
NewcomersKenneth Faried
74.4%
NewcomersGordon Hayward
73.6%
NewcomersKyle Korver
66.6%

You're not logged in!

Compare scores with friends on all Sporcle quizzes.
Join for Free
OR
Log In

You Might Also Like...

Show Comments

Extras

Top Quizzes Today


Score Distribution

Your Account Isn't Verified!

In order to create a playlist on Sporcle, you need to verify the email address you used during registration. Go to your Sporcle Settings to finish the process.

Report this User

Report this user for behavior that violates our Community Guidelines.

Details: